[Event "Lansing (MI Op/3/14)"]
[Site "?"]
[Date "1987.??.??"]
[Round "?"]
[White "Wilson, Vester"]
[Black "Chandler, P.."]
[Result "1-0"]
[WhiteElo "2065"]
[BlackElo "1870"]
[PlyCount "75"]
[EventDate "1987.??.??"]

{3/(14)} 1. e4 e6 2. d4 d5 3. Nc3 Nf6 4. Bg5 Be7 5. e5 Nfd7 6. h4 f6 7. exf6
Nxf6 8. Bd3 O-O 9. Nf3 h6 10. Ne5 Nc6 11. Be3 Bb4 12. g4 Ne4 13. Bxe4 dxe4 14.
Nxc6 bxc6 15. Qd2 Qe7 16. g5 h5 17. a3 Bxc3 18. Qxc3 Bb7 19. O-O-O g6 20. Qc5
Qd6 21. b3 Rf5 22. Qb4 Bc8 23. Kb2 a5 24. Qc3 Ba6 25. Rde1 Rb8 26. Ka2 Rfb5 27.
Bc1 Qd5 28. a4 Rb4 29. f3 Rxa4+ 30. Ba3 Rxd4 31. fxe4 Rxe4 32. Bb2 e5 33. Rxe4
Qxe4 34. Re1 Qd4 35. Qxa5 Qb4 36. Qxe5 Qf8 37. Qh8+ Kf7 38. Qh7+ 1-0

[Event "Hazel Park (MCO/6/33)"]
[Site "?"]
[Date "1987.??.??"]
[Round "?"]
[White "Williams, C.."]
[Black "Small, R.."]
[Result "0-1"]
[WhiteElo "1605"]
[BlackElo "1745"]
[PlyCount "52"]
[EventDate "1987.??.??"]

{6/(33)} 1. e4 e5 2. Nf3 Nc6 3. d4 exd4 4. Bc4 d6 5. O-O Ne5 6. Bb3 Bg4 7. Nbd2
c5 8. Bd5 Rb8 9. h3 Bh5 10. c3 dxc3 11. bxc3 Nf6 12. Qa4+ b5 13. Qxa7 Nxf3+ 14.
Nxf3 Qb6 15. Qa3 Bxf3 16. gxf3 Nxd5 17. exd5 Be7 18. Re1 Qb7 19. Bf4 O-O 20.
Kh2 Rfe8 21. Rg1 Qxd5 22. Rxg7+ Kxg7 23. Rg1+ Kh8 24. c4 Qd4 25. Qc1 Rg8 26.
Rxg8+ Rxg8 0-1

[Event "Hazel Park (MCO/3/52)"]
[Site "?"]
[Date "1987.??.??"]
[Round "?"]
[White "Williams, C.."]
[Black "Robinson, Erik"]
[Result "1-0"]
[WhiteElo "1605"]
[BlackElo "1605"]
[PlyCount "69"]
[EventDate "1987.??.??"]

{3/(52)} 1. e4 e5 2. Nf3 Nc6 3. d4 exd4 4. Bc4 Bc5 5. c3 Qe7 6. O-O dxc3 7.
Nxc3 d6 8. Nd5 Qd8 9. Ng5 Nh6 10. Nc3 O-O 11. h3 Kh8 12. Qh5 Ne5 13. Bb3 c6 14.
Be3 Qb6 15. Na4 Qb4 16. Nxc5 dxc5 17. f4 c4 18. Rac1 b6 19. fxe5 Ba6 20. Nxf7+
Nxf7 21. e6 g6 22. Bd4+ Kg8 23. exf7+ Rxf7 24. Rxf7 Kxf7 25. Qxh7+ Ke6 26.
Qxg6+ Kd7 27. Qf5+ Kd8 28. Bf6+ Kc7 29. Qh7+ Kc8 30. Rd1 Qc5+ 31. Rd4 Qxd4+ 32.
Bxd4 cxb3 33. axb3 c5 34. Be5 Bb5 35. Qc7# 1-0

[Event "Hazel Park (MCO/1/25)"]
[Site "?"]
[Date "1987.??.??"]
[Round "?"]
[White "Williams, C.."]
[Black "Mooney, E.."]
[Result "0-1"]
[WhiteElo "1605"]
[BlackElo "1975"]
[PlyCount "54"]
[EventDate "1987.??.??"]

{1/(25)} 1. e4 e5 2. Nf3 Nc6 3. d4 exd4 4. Bc4 Bb4+ 5. c3 dxc3 6. O-O d6 7.
Bxf7+ Kxf7 8. Ng5+ Kf8 9. a3 Bc5 10. Nxc3 Nf6 11. Qb3 Qe7 12. Be3 Bxe3 13. fxe3
Ke8 14. Nd5 Nxd5 15. Qxd5 Ne5 16. Nxh7 c6 17. Qb3 Be6 18. Qc2 Rxh7 19. Rf2 Kd7
20. Rd1 Rah8 21. Rfd2 Rxh2 22. Rxd6+ Kc8 23. Rd8+ Rxd8 24. Rxd8+ Kxd8 25. Kxh2
Qh4+ 26. Kg1 Qe1+ 27. Kh2 Ng4+ 0-1

[Event "Hazel Park (MCO/1/47)"]
[Site "?"]
[Date "1987.??.??"]
[Round "?"]
[White "Whitworth, M.."]
[Black "Small, R.."]
[Result "1-0"]
[WhiteElo "1605"]
[BlackElo "1745"]
[PlyCount "63"]
[EventDate "1987.??.??"]

{1/(47)} 1. e4 c5 2. c3 Nc6 3. Qc2 e5 4. Nf3 Nf6 5. Bb5 a6 6. Bxc6 bxc6 7. O-O
d6 8. d4 cxd4 9. cxd4 exd4 10. Qxc6+ Bd7 11. Qc2 Rc8 12. Qd1 Bg4 13. Qa4+ Nd7
14. Nxd4 Qb6 15. Nc3 Be6 16. Nxe6 fxe6 17. Qb3 Qxb3 18. axb3 Rc6 19. Be3 Be7
20. b4 O-O 21. Rfd1 Rb8 22. b5 axb5 23. Ra7 Rd8 24. Nxb5 Kf8 25. Nd4 Rdc8 26.
Nxc6 Rxc6 27. Rxd7 Rc2 28. Rb7 h6 29. Rb8+ Kf7 30. Rb7 Kf6 31. b4 Rb2 32. Bd4+
1-0

[Event "Hazel Park (MCO/3/38)"]
[Site "?"]
[Date "1987.??.??"]
[Round "?"]
[White "Whitworth, M.."]
[Black "Pentescu, S.."]
[Result "0-1"]
[WhiteElo "1605"]
[BlackElo "1700"]
[PlyCount "108"]
[EventDate "1987.??.??"]

{3/(38)} 1. d4 Nf6 2. Nf3 g6 3. e3 d5 4. Bd3 Bg7 5. O-O Nbd7 6. c4 dxc4 7. Bxc4
Nb6 8. Qb3 Nxc4 9. Qxc4 O-O 10. Nc3 c6 11. Ne5 Nd5 12. Ne2 Be6 13. Qd3 Nb6 14.
Nf3 Qd6 15. b3 Rfd8 16. Bb2 Rac8 17. Rfd1 c5 18. Rac1 c4 19. Qd2 cxb3 20. Rxc8
Rxc8 21. Nc3 Nc4 22. Qe2 Nxb2 23. Qxb2 bxa2 24. Nxa2 Qd5 25. Nc3 Qb3 26. Qxb3
Bxb3 27. Rc1 b5 28. Nd2 Ba4 29. Na2 Rxc1+ 30. Nxc1 e6 31. Kf1 Bf8 32. Ke2 Bc2
33. Ndb3 Bb4 34. Nd3 Bxd3+ 35. Kxd3 Kf8 36. Ke4 Ke7 37. d5 Kd6 38. dxe6 fxe6
39. f4 Bc5 40. g4 Bb6 41. f5 exf5+ 42. gxf5 gxf5+ 43. Kxf5 Bxe3 44. h4 Kd5 45.
Kf6 Bd4+ 46. Kg5 Bc3 47. Kh6 a5 48. Kxh7 a4 49. Nc1 b4 50. Na2 Kc5 51. h5 Bd2
52. Nxb4 Kxb4 53. Kg6 a3 54. h6 Bxh6 0-1

[Event "Allendale (MI Am/1/2)"]
[Site "?"]
[Date "1987.??.??"]
[Round "?"]
[White "Westgate, D.."]
[Black "Bennett, E.."]
[Result "0-1"]
[WhiteElo "1605"]
[BlackElo "1995"]
[PlyCount "86"]
[EventDate "1987.??.??"]

{1/(2)} 1. d4 Nf6 2. Nd2 d5 3. Ngf3 Nbd7 4. e3 c5 5. c3 Qc7 6. Bd3 g6 7. Qe2
Bg7 8. O-O O-O 9. Re1 Re8 10. e4 e5 11. dxe5 Nxe5 12. Nxe5 Qxe5 13. Nf3 Qc7 14.
e5 Ng4 15. Bf4 Qb6 16. h3 Nh6 17. Rad1 Be6 18. Qd2 Nf5 19. Ng5 Rad8 20. Nxe6
Qxe6 21. Bg5 Ne7 22. Bb5 Rf8 23. Qe3 b6 24. g4 Kh8 25. f4 h6 26. Bf6 Bxf6 27.
exf6 Qxe3+ 28. Rxe3 Nc8 29. Rde1 Nd6 30. Bd3 Nc8 31. h4 Kg8 32. f5 gxf5 33.
Bxf5 Nd6 34. Bd3 a5 35. g5 hxg5 36. hxg5 Ne4 37. Bxe4 dxe4 38. Rxe4 Kh7 39.
Rh4+ Kg6 40. Re5 Rh8 41. Rxh8 Rxh8 42. Kg2 Rh5 43. Re7 Rxg5+ 0-1

[Event "Lansing (MI Op/4/39)"]
[Site "?"]
[Date "1987.??.??"]
[Round "?"]
[White "Welch, Joseph"]
[Black "Thurman, John"]
[Result "1/2-1/2"]
[WhiteElo "1605"]
[BlackElo "1795"]
[PlyCount "91"]
[EventDate "1987.??.??"]

{4/(39)} 1. e4 c6 2. d4 d5 3. Nc3 dxe4 4. Nxe4 Nf6 5. Ng3 g6 6. Bc4 Bg7 7. Nf3
O-O 8. O-O Nbd7 9. Re1 Nb6 10. Bb3 a5 11. a4 Bg4 12. c3 Nbd5 13. h3 Bxf3 14.
Qxf3 e6 15. Bxd5 Nxd5 16. Ne4 h6 17. b3 b5 18. Rb1 b4 19. c4 Ne7 20. Nf6+ Kh8
21. g4 Nd5 22. cxd5 Qxf6 23. Qxf6 Bxf6 24. Bxh6 cxd5 25. Bxf8 Rxf8 26. Rbc1
Bxd4 27. Rc7 Bc3 28. Re3 g5 29. h4 Kg7 30. hxg5 Bd2 31. Rxe6 Bxg5 32. Rd7 Rd8
33. Ra7 d4 34. Re1 d3 35. Rxa5 Bd2 36. Rd1 Bc3 37. Rg5+ Kf6 38. f4 d2 39. Rf5+
Ke6 40. Rb5 Kd6 41. Rxd2+ Bxd2 42. a5 Rg8 43. g5 Ke6 44. Re5+ Kd6 45. Rf5 Ke7
46. Re5+ 1/2-1/2

[Event "Lansing (MI Op/7/33)"]
[Site "?"]
[Date "1987.??.??"]
[Round "?"]
[White "Welch, Joseph"]
[Black "Thomas, Henry"]
[Result "1-0"]
[WhiteElo "1605"]
[BlackElo "1690"]
[PlyCount "59"]
[EventDate "1987.??.??"]

{7/(33)} 1. e4 e5 2. f4 exf4 3. Nf3 Be7 4. h4 d6 5. d4 Bg4 6. Bc4 Bxh4+ 7. Kf1
Bg3 8. Nc3 Nf6 9. Qe2 O-O 10. Bd2 c6 11. Bd3 Nbd7 12. Be1 Nh5 13. Bf2 Bxf2 14.
Kxf2 Ng3 15. Qd2 Nxh1+ 16. Rxh1 Bxf3 17. gxf3 Qg5 18. Ne2 h5 19. Ng1 Qg3+ 20.
Kf1 Qg6 21. Qxf4 Qf6 22. Qe3 g6 23. Ne2 Qe6 24. Nf4 Qf6 25. Rg1 Qh8 26. e5 Rfe8
27. Bxg6 fxg6 28. Nxg6 Qh7 29. Qg5 Kf7 30. Qf5+ 1-0

[Event "Lansing (MI Op/2/40)"]
[Site "?"]
[Date "1987.??.??"]
[Round "?"]
[White "Welch, Joseph"]
[Black "Kung, Fred"]
[Result "0-1"]
[WhiteElo "1605"]
[BlackElo "1870"]
[PlyCount "110"]
[EventDate "1987.??.??"]

{2/(40)} 1. e4 e5 2. Nf3 Nc6 3. Bb5 a6 4. Ba4 Nf6 5. O-O Nxe4 6. d4 b5 7. Bb3
d5 8. dxe5 Be6 9. a4 Na5 10. Nd4 c5 11. Nxe6 fxe6 12. axb5 axb5 13. Bd2 c4 14.
f3 Bc5+ 15. Kh1 Nf2+ 16. Rxf2 Bxf2 17. Ba2 Nc6 18. f4 Qh4 19. Qf3 Nd4 20. Qd1
Bg3 21. h3 O-O 22. Nc3 b4 23. Be3 Nf5 24. Bc5 bxc3 25. b3 cxb3 26. Bxb3 Rxa1
27. Qxa1 Bf2 28. Bxf8 Ng3+ 29. Kh2 Kxf8 30. Qa8+ Kf7 31. Ba4 Kg6 32. Qe8+ Kf5
33. Qf7+ Ke4 34. Bb5 Qxf4 35. Bd3+ Ke3 36. Qxf4+ Kxf4 37. Bxh7 Kxe5 38. h4 Nf5
39. h5 Kf4 40. Bg8 Nd4 41. Bh7 Ke3 42. g4 Kd2 43. g5 Nxc2 44. h6 gxh6 45. gxh6
Be3 46. Bxc2 Kxc2 47. h7 Bd4 48. Kg2 Kd2 49. Kf3 c2 50. Kg4 c1=Q 51. h8=Q Bxh8
52. Kh5 Qg1 53. Kh6 Ke3 54. Kh5 Kf4 55. Kh6 Kf5 0-1

[Event "Hazel Park (MCO/5/42)"]
[Site "?"]
[Date "1987.??.??"]
[Round "?"]
[White "Weinand, G.."]
[Black "Miller, Dan"]
[Result "0-1"]
[WhiteElo "1605"]
[BlackElo "2720"]
[PlyCount "58"]
[EventDate "1987.??.??"]

{5/(42)} 1. e4 e5 2. Nf3 d6 3. h3 Nf6 4. Nc3 Nc6 5. Bc4 Be6 6. Bb3 Be7 7. d3
O-O 8. Nd5 Bxd5 9. exd5 Nb4 10. c4 c6 11. a3 Na6 12. dxc6 bxc6 13. O-O e4 14.
dxe4 Nxe4 15. Bc2 Nec5 16. Bd2 d5 17. Re1 dxc4 18. Rxe7 Qxe7 19. Bxh7+ Kxh7 20.
Ng5+ Kg8 21. Qh5 Qe4 22. Nxe4 Nxe4 23. Be3 c3 24. bxc3 Nxc3 25. Qg4 Rfd8 26.
Bh6 g6 27. Qf4 Ne2+ 28. Kh2 Nxf4 29. Bxf4 c5 0-1

[Event "Hazel Park (MCO/4/35)"]
[Site "?"]
[Date "1987.??.??"]
[Round "?"]
[White "Weinand, G.."]
[Black "Maloy, Mickey"]
[Result "0-1"]
[WhiteElo "1605"]
[BlackElo "1720"]
[PlyCount "84"]
[EventDate "1987.??.??"]

{4/(35)} 1. e4 d6 2. d4 Nf6 3. Nd2 g6 4. Ngf3 Bg7 5. Bd3 O-O 6. h3 c5 7. c3 a6
8. a4 e6 9. Qc2 cxd4 10. cxd4 Nc6 11. Qc3 Bd7 12. b3 Rc8 13. Nc4 d5 14. Nd6 Rc7
15. Qb2 Qe7 16. e5 Ne8 17. Bg5 f6 18. Bxf6 Nxf6 19. O-O Ne8 20. Nxe8 Rxe8 21.
Rac1 Rec8 22. h4 Nb4 23. Bb1 Be8 24. Qd2 a5 25. Rcd1 b5 26. axb5 Bxb5 27. Rfe1
Rc3 28. Re3 Qc7 29. Ng5 Bd7 30. Qe2 Bh6 31. Qg4 Rxe3 32. fxe3 Bxg5 33. Qxg5 Qd8
34. Qh6 Qf8 35. Qg5 Qg7 36. e4 Rf8 37. exd5 Nxd5 38. Rf1 Rxf1+ 39. Kxf1 Qe7 40.
Qg3 Qf8+ 41. Kg1 Qf4 42. Qe1 Qe3+ 0-1

[Event "Hazel Park (MCO/1/23)"]
[Site "?"]
[Date "1987.??.??"]
[Round "?"]
[White "Weinand, G.."]
[Black "Garwood, B.."]
[Result "0-1"]
[WhiteElo "1605"]
[BlackElo "1995"]
[PlyCount "60"]
[EventDate "1987.??.??"]

{1/(23)} 1. d4 d5 2. Nf3 Nf6 3. Bf4 e6 4. e3 Bb4+ 5. c3 Be7 6. Bd3 O-O 7. O-O
c5 8. Nbd2 Nc6 9. Re1 Qb6 10. Rb1 h6 11. e4 cxd4 12. cxd4 Nxd4 13. Be3 Nxf3+
14. Nxf3 Qa5 15. exd5 Bb4 16. Rf1 Nxd5 17. Bd4 Bd7 18. Ne5 Bb5 19. Qg4 Nf6 20.
Qg3 Bxd3 21. Nxd3 Be7 22. Rbc1 Rfd8 23. Rc7 Bd6 24. Be5 Qxc7 25. f4 Bxe5 26.
fxe5 Qb6+ 27. Kh1 Nd5 28. Rf3 Nb4 29. h3 Nxd3 30. Rxd3 Rxd3 0-1

[Event "Allendale (MI Am/3/16)"]
[Site "?"]
[Date "1987.??.??"]
[Round "?"]
[White "Weber, K.."]
[Black "Wierda, K.."]
[Result "0-1"]
[WhiteElo "1605"]
[BlackElo "1605"]
[PlyCount "96"]
[EventDate "1987.??.??"]

{3/(16)} 1. d4 Nf6 2. c4 e6 3. Nc3 Bb4 4. Bd2 c5 5. a3 cxd4 6. axb4 dxc3 7.
Bxc3 O-O 8. Nf3 d5 9. b3 Qe7 10. e3 Ne4 11. Qc2 Nxc3 12. Qxc3 Nc6 13. b5 Nd8
14. Bd3 b6 15. O-O Nb7 16. Rfe1 Nc5 17. Qb4 Bb7 18. Bc2 Qf6 19. Nd4 dxc4 20.
bxc4 e5 21. Nf5 e4 22. Nd4 Qg6 23. Nb3 Nd3 24. Bxd3 exd3 25. f3 Bxf3 26. Ra2
Qg5 27. e4 Be2 28. Qd2 Qxd2 29. Rxd2 a6 30. Nd4 axb5 31. cxb5 Ra5 32. Rb1 Re8
33. Nxe2 dxe2 34. Rxe2 f5 35. Rb4 Rxe4 36. Rexe4 fxe4 37. Kf2 Kf7 38. g3 Ra2+
39. Ke3 Rxh2 40. Kxe4 h5 41. Kd5 Rc2 42. Rb1 Rc5+ 43. Ke4 Ke6 44. Rb2 Rc4+ 45.
Kd3 Kd5 46. Rb3 Kc5 47. Rb1 Rb4 48. Rh1 g6 0-1

[Event "Allendale (MI Am/1/14)"]
[Site "?"]
[Date "1987.??.??"]
[Round "?"]
[White "Weber, K.."]
[Black "Smalec, John"]
[Result "1/2-1/2"]
[WhiteElo "1605"]
[BlackElo "1730"]
[PlyCount "77"]
[EventDate "1987.??.??"]

{1/(14)} 1. d4 Nf6 2. c4 c5 3. d5 b5 4. b3 bxc4 5. bxc4 d6 6. Nf3 g6 7. e3 Bg7
8. Bb2 Qb6 9. Qc2 Na6 10. a3 Rb8 11. Bc3 O-O 12. Bd3 Qb3 13. Nbd2 Qxc2 14. Bxc2
Bg4 15. O-O Rb7 16. Rac1 Rfb8 17. h3 Bd7 18. Rfd1 Nh5 19. Bxg7 Kxg7 20. Rb1 Nf6
21. e4 Rb2 22. Rxb2 Rxb2 23. e5 Nxd5 24. cxd5 Rxc2 25. Ne4 Rc4 26. Nfd2 Ra4 27.
exd6 exd6 28. Nxd6 Rxa3 29. N2c4 Ra2 30. Ne5 Ba4 31. Rc1 f6 32. Nd3 Nc7 33.
Rxc5 Na6 34. Ra5 Bb3 35. Rxa2 Bxa2 36. Nf4 Nc7 37. Nc8 Nxd5 38. Nxd5 Bxd5 39.
Nxa7 1/2-1/2

[Event "Allendale (MI Am/4/17)"]
[Site "?"]
[Date "1987.??.??"]
[Round "?"]
[White "Weber, K.."]
[Black "Lavelline, J.."]
[Result "0-1"]
[WhiteElo "1605"]
[BlackElo "1605"]
[PlyCount "107"]
[EventDate "1987.??.??"]

{4/(17)} 1. d4 d5 2. c4 e6 3. Nf3 Nf6 4. e3 Bb4+ 5. Bd2 Bxd2+ 6. Nbxd2 O-O 7.
c5 b6 8. Nb3 c6 9. Be2 Ba6 10. O-O Bxe2 11. Qxe2 b5 12. Rfe1 Nbd7 13. Nbd2 Re8
14. b3 a5 15. Qd3 e5 16. e4 dxe4 17. Nxe4 exd4 18. Qxd4 Nxe4 19. Rxe4 Nf6 20.
Rxe8+ Nxe8 21. Qe4 Qd5 22. Qxd5 cxd5 23. c6 Nc7 24. a4 bxa4 25. Rxa4 Kf8 26.
Kf1 Ke7 27. Ke2 Kd6 28. Nd4 Ne6 29. Nxe6 fxe6 30. Rg4 g6 31. Rh4 h5 32. Rf4
Kxc6 33. Rf6 Kd6 34. Rxg6 a4 35. bxa4 Rxa4 36. Rh6 Ra2+ 37. Kf3 Ra3+ 38. Kf4
Ra2 39. Kg3 Ra3+ 40. f3 Ke7 41. Rxh5 Ra4 42. f4 Kf6 43. Kg4 d4 44. g3 d3 45.
Kf3 Rd4 46. Ra5 d2 47. Ra1 d1=Q+ 48. Rxd1 Rxd1 49. Kg4 Kg6 50. h4 Rd8 51. h5+
Kh6 52. Kh4 Rd1 53. g4 Rh1+ 54. Kg3 0-1

[Event "Allendale (MI Am/5/17)"]
[Site "?"]
[Date "1987.??.??"]
[Round "?"]
[White "Weber, K.."]
[Black "Grzegorczyk, Ron"]
[Result "0-1"]
[WhiteElo "1605"]
[BlackElo "1655"]
[PlyCount "104"]
[EventDate "1987.??.??"]

{5/(17)} 1. d4 d5 2. c4 e6 3. Nc3 Bb4 4. Bd2 Nc6 5. e3 Nf6 6. Nf3 O-O 7. Be2
Ne4 8. Nxe4 dxe4 9. Bxb4 Nxb4 10. Nd2 f5 11. a3 Nc6 12. O-O Ne7 13. Qc2 b6 14.
b4 Bb7 15. c5 Qe8 16. cxb6 cxb6 17. Rac1 Rc8 18. Qb3 Nd5 19. Nc4 Qd7 20. Ne5
Qe8 21. Bc4 b5 22. Be2 a6 23. Ra1 Rc3 24. Qd1 Qe7 25. Rc1 Rfc8 26. Rxc3 Rxc3
27. Qa1 Qc7 28. a4 Rc2 29. axb5 Rxe2 30. bxa6 Ba8 31. b5 Rc2 32. Qb1 Nb6 33.
Nc6 Rc4 34. Ne5 Rc3 35. h3 Bd5 36. Re1 Rb3 37. Qc1 Qxc1 38. Rxc1 Rxb5 39. Rc7
Kf8 40. Rf7+ Kg8 41. Re7 h6 42. g4 fxg4 43. hxg4 Rb1+ 44. Kh2 Rc1 45. a7 Rc8
46. Kg3 Ra8 47. Kh4 Nc8 48. Re8+ Kh7 49. Kh5 Nxa7 50. Re7 Nc8 51. Re8 Nd6 52.
Re7 Ra2 0-1

[Event "Hazel Park (MCO/1/9)"]
[Site "?"]
[Date "1987.??.??"]
[Round "?"]
[White "Watson, Terry"]
[Black "Turner, George"]
[Result "0-1"]
[WhiteElo "1655"]
[BlackElo "2150"]
[PlyCount "62"]
[EventDate "1987.??.??"]

{1/(9)} 1. e4 Nf6 2. d3 e5 3. Nf3 Nc6 4. Nbd2 d5 5. exd5 Nxd5 6. g3 Bg4 7. Bg2
Be7 8. O-O Qd7 9. Re1 f6 10. a3 O-O-O 11. Nf1 h5 12. Be3 h4 13. b4 hxg3 14.
fxg3 Nd4 15. c4 Nxe3 16. Rxe3 Nf5 17. Re4 Bh3 18. Ne3 Nxe3 19. Bxh3 Qxh3 20.
Rxe3 g5 21. Ra2 g4 22. Ne1 f5 23. Rg2 Bf6 24. Qa4 Kb8 25. c5 e4 26. Kh1 Bg5 27.
Ree2 exd3 28. Nxd3 Rxd3 29. Re8+ Rd8 30. Rxh8 Qxh8 31. Re2 Qd4 0-1

[Event "Hazel Park (MCO/5/26)"]
[Site "?"]
[Date "1987.??.??"]
[Round "?"]
[White "Watson, Terry"]
[Black "Proszkow, T.."]
[Result "0-1"]
[WhiteElo "1655"]
[BlackElo "1795"]
[PlyCount "52"]
[EventDate "1987.??.??"]

{5/(26)} 1. e4 c5 2. Nf3 Nc6 3. d3 d6 4. Nbd2 Nf6 5. g3 g6 6. Bg2 Bg7 7. a4 O-O
8. O-O Bd7 9. Re1 Qc7 10. h4 Bg4 11. c3 Rad8 12. Nf1 d5 13. exd5 Nxd5 14. N1h2
Bc8 15. h5 gxh5 16. Ng5 Nf6 17. Ne4 Ng4 18. Nxc5 b6 19. Ne4 f5 20. Ng5 e5 21.
Qb3+ Kh8 22. Bxc6 Qxc6 23. Nf7+ Rxf7 24. Qxf7 Bb7 25. f3 Nxh2 26. Kxh2 Qxf3 0-1

[Event "Hazel Park (MCO/3/23)"]
[Site "?"]
[Date "1987.??.??"]
[Round "?"]
[White "Watson, Terry"]
[Black "Almquist, W.."]
[Result "0-1"]
[WhiteElo "1655"]
[BlackElo "1895"]
[PlyCount "88"]
[EventDate "1987.??.??"]

{3/(23)} 1. e4 c5 2. Nf3 d6 3. d3 Nc6 4. Nbd2 Nf6 5. g3 g6 6. Bg2 Bg7 7. O-O
O-O 8. a4 Bg4 9. h3 Bd7 10. c3 Ne8 11. Re1 Qc8 12. g4 Nc7 13. Nf1 d5 14. e5 f5
15. Ng5 Bxe5 16. f4 Bf6 17. Ne3 fxg4 18. hxg4 d4 19. Nd5 Bxg4 20. Nxf6+ exf6
21. Qb3+ Kg7 22. Bxc6 fxg5 23. Bxb7 Qd8 24. Bxa8 gxf4 25. Bh1 Qh4 26. Bxf4 Rxf4
27. Qc2 Bf5 28. Qh2 Qg4+ 29. Bg2 Nd5 30. cxd4 cxd4 31. Rac1 Ne3 32. Rc7+ Kf6
33. Rc6+ Ke5 34. Rc5+ Kd6 35. Rc6+ Ke5 36. Rc5+ Kf6 37. Rc6+ Be6 38. Rxe3 dxe3
39. Qxh7 Qg3 40. Qh8+ Kg5 41. Qe5+ Bf5 42. Qe7+ Kg4 43. Rc2 Bxd3 44. Rc3 Rf1#
0-1

[Event "Hazel Park (MCO/2/53)"]
[Site "?"]
[Date "1987.??.??"]
[Round "?"]
[White "Watkins, David"]
[Black "Bauerle, Paul"]
[Result "0-1"]
[WhiteElo "1605"]
[BlackElo "2045"]
[PlyCount "66"]
[EventDate "1987.??.??"]

{2/(53)} 1. e4 e6 2. Qe2 b6 3. d4 Ba6 4. c4 Bb4+ 5. Bd2 Qe7 6. a3 Bxd2+ 7. Qxd2
d5 8. Qc2 Nf6 9. e5 Nfd7 10. Bd3 c5 11. cxd5 exd5 12. Bxh7 g6 13. Bxg6 fxg6 14.
Qxg6+ Qf7 15. Qd6 Rf8 16. Nf3 Qf5 17. Nc3 Qc2 18. e6 Qxb2 19. exd7+ Nxd7 20.
Qg6+ Kd8 21. Qg5+ Kc8 22. Qc1 Re8+ 23. Ne5 Nxe5 24. Qxb2 Nd3+ 25. Kd2 Nxb2 26.
dxc5 d4 27. Nd5 Re2+ 28. Kc1 Nd3+ 29. Kd1 Nxf2+ 30. Kc1 Nxh1 31. cxb6 Kb7 32.
Rb1 Rc8+ 33. Kd1 Nf2# 0-1

[Event "Lansing (MI Op/1a/2)"]
[Site "?"]
[Date "1987.??.??"]
[Round "?"]
[White "Ward, Tom"]
[Black "Noren, Kevin"]
[Result "0-1"]
[WhiteElo "1965"]
[BlackElo "2205"]
[PlyCount "52"]
[EventDate "1987.??.??"]

1. e4 e6 2. d4 d5 3. Nc3 Nf6 4. Bg5 Be7 5. e5 Nfd7 6. h4 a6 7. Nf3 c5 8. Ne2
cxd4 9. Nexd4 Nc6 10. Nxc6 bxc6 11. Bd3 Nc5 12. c4 Qa5+ 13. Kf1 Nxd3 14. Qxd3
Qd8 15. Kg1 f6 16. Bf4 O-O 17. Ng5 fxg5 18. hxg5 g6 19. Rh6 Rxf4 20. Rxg6+ hxg6
21. Qxg6+ Kf8 22. Qh6+ Ke8 23. g6 Rh4 24. Qg7 Kd7 25. cxd5 cxd5 26. Rc1 Qf8 0-1

[Event "Lansing (MI Op/3/25)"]
[Site "?"]
[Date "1987.??.??"]
[Round "?"]
[White "Ward, Tom"]
[Black "Moore, Robert"]
[Result "1-0"]
[WhiteElo "1965"]
[BlackElo "1805"]
[PlyCount "43"]
[EventDate "1987.??.??"]

{3/(25)} 1. e4 c5 2. Nf3 d6 3. d4 cxd4 4. Nxd4 Nf6 5. Bc4 e6 6. Nc3 a6 7. a4
Be7 8. O-O O-O 9. f4 Nc6 10. Be3 Qc7 11. Ba2 Nxd4 12. Bxd4 e5 13. fxe5 dxe5 14.
Be3 Ng4 15. Nd5 Qd6 16. Bb6 Bd8 17. Bxd8 Qxd8 18. h3 Nh6 19. Qh5 Qd6 20. Kh1
Bd7 21. Rf6 Qc5 22. Rxh6 1-0

[Event "Lansing (MI Op/7/10)"]
[Site "?"]
[Date "1987.??.??"]
[Round "?"]
[White "Ward, Tom"]
[Black "Kitts, Gary"]
[Result "1-0"]
[WhiteElo "1965"]
[BlackElo "2090"]
[PlyCount "81"]
[EventDate "1987.??.??"]

{7/(10)} 1. e4 Nf6 2. e5 Nd5 3. d4 d6 4. Nf3 Bg4 5. Be2 Nc6 6. O-O e6 7. c4 Nb6
8. exd6 cxd6 9. d5 exd5 10. cxd5 Bxf3 11. Bxf3 Ne5 12. Be2 Be7 13. Bb5+ Nbd7
14. Nc3 O-O 15. Be3 a6 16. Be2 Rc8 17. Rc1 b5 18. Bd4 f5 19. f4 Nc4 20. b3 Ncb6
21. Bf3 Bf6 22. Ne2 Re8 23. Qd2 Nc5 24. Qa5 Nbd7 25. Qa3 Qb6 26. Qb2 Nd3 27.
Rxc8 Rxc8 28. Bxb6 Bxb2 29. Bd4 Ba3 30. Rd1 N7c5 31. Bxc5 Bxc5+ 32. Kf1 Nb4 33.
a4 Nc2 34. Rc1 Ne3+ 35. Ke1 bxa4 36. bxa4 Rb8 37. Nc3 Rb2 38. Ne2 Ra2 39. Kf2
Nxd5+ 40. Rxc5 Rxe2+ 41. Bxe2 1-0

[Event "Lansing (MI Op/5/9)"]
[Site "?"]
[Date "1987.??.??"]
[Round "?"]
[White "Ward, Tom"]
[Black "Cooper, T.."]
[Result "0-1"]
[WhiteElo "1965"]
[BlackElo "2200"]
[PlyCount "98"]
[EventDate "1987.??.??"]

{5/(9)} 1. e4 d6 2. d4 Nf6 3. Nc3 g6 4. f4 Bg7 5. Nf3 c5 6. Be3 cxd4 7. Nxd4
O-O 8. Be2 Nc6 9. O-O Bd7 10. Kh1 a6 11. Qd2 Rc8 12. Rae1 b5 13. Bf3 Na5 14.
Bg1 Nc4 15. Qc1 e5 16. fxe5 Nxe5 17. Qf4 Be6 18. Nd5 Bxd5 19. exd5 Nfd7 20. Be4
Nc5 21. Nc6 Nxc6 22. Bxc5 Be5 23. Qf2 Nb8 24. Bd4 Nd7 25. c3 Bxd4 26. Qxd4 Ne5
27. Qa7 Ra8 28. Qf2 Rc8 29. Qg3 Kg7 30. Re3 Nc4 31. Re2 Ne5 32. Ref2 Rc4 33.
Rf4 Qe7 34. Re1 Rfc8 35. h4 h5 36. a3 Rf8 37. b3 Rc5 38. Re3 Rfc8 39. Qe1 Ng4
40. Rg3 Qxh4+ 41. Kg1 Qh2+ 42. Kf1 Qh1+ 43. Ke2 Qxe1+ 44. Kxe1 Rxc3 45. Bf3 Ne5
46. Kf2 Nd3+ 47. Ke3 Nxf4+ 48. Kxf4 Rxb3 49. Rg5 f6 0-1

[Event "Hazel Park (MCO/6/2)"]
[Site "?"]
[Date "1987.??.??"]
[Round "?"]
[White "Turner, George"]
[Black "Lindsay, F.."]
[Result "0-1"]
[WhiteElo "2130"]
[BlackElo "2425"]
[PlyCount "88"]
[EventDate "1987.??.??"]

{6/(2)} 1. d4 d5 2. c4 e6 3. Nc3 c6 4. e3 Nf6 5. Nf3 Nbd7 6. Bd3 dxc4 7. Bxc4
b5 8. Bd3 Bb7 9. O-O b4 10. Ne2 c5 11. Ng3 Qb6 12. b3 Rd8 13. Bb2 cxd4 14. Bxd4
Bc5 15. Bb2 O-O 16. Qe2 Be7 17. Ng5 Qa5 18. f4 h6 19. N5e4 Nd5 20. Bd4 f5 21.
Nd2 Bc5 22. Nc4 Qc7 23. Qf2 N7f6 24. h3 Nc3 25. a3 Be4 26. Nxe4 Ncxe4 27. Qb2
bxa3 28. Nxa3 Bxd4 29. exd4 Qb6 30. Nc4 Qxd4+ 31. Qxd4 Rxd4 32. Bxe4 Nxe4 33.
Rxa7 Rb8 34. Rf3 h5 35. h4 Nf6 36. Re7 Re4 37. Nd6 Nd5 38. Nxe4 fxe4 39. Rxe6
exf3 40. Re5 Nf6 41. gxf3 Rxb3 42. Kg2 Rd3 43. Kg3 Kf7 44. Rg5 Ne4+ 0-1

[Event "Hazel Park (MCO/2/8)"]
[Site "?"]
[Date "1987.??.??"]
[Round "?"]
[White "Turner, George"]
[Black "Bolda, M.."]
[Result "1-0"]
[WhiteElo "2130"]
[BlackElo "1850"]
[PlyCount "79"]
[EventDate "1987.??.??"]

{2/(8)} 1. d4 Nf6 2. c4 e5 3. Nf3 exd4 4. Nxd4 Bc5 5. Nc3 a6 6. g3 d5 7. cxd5
Nxd5 8. Nb3 Bb4 9. Bd2 Nxc3 10. Bxc3 Bxc3+ 11. bxc3 Qf6 12. Qd4 Nd7 13. Bg2 O-O
14. O-O Qe6 15. e3 Rb8 16. Rfd1 b6 17. Rd2 Nf6 18. Qf4 Qe7 19. Nd4 Bb7 20. Nf5
Qc5 21. Qg5 Ne8 22. Ne7+ Kh8 23. Qxc5 bxc5 24. Bxb7 Rxb7 25. Rd8 Rb6 26. Rad1
Rd6 27. R1xd6 cxd6 28. Nf5 Kg8 29. Nxd6 Nxd6 30. Rxd6 Rb8 31. Rxa6 Kf8 32. Rc6
Ra8 33. Rxc5 Rxa2 34. Rc7 Rc2 35. Kg2 Ke8 36. Kf3 h5 37. h4 g6 38. e4 f6 39. c4
Kd8 40. Rg7 1-0

[Event "Hazel Park (MCO/4/7)"]
[Site "?"]
[Date "1987.??.??"]
[Round "?"]
[White "Turner, George"]
[Black "Accad, W.."]
[Result "1-0"]
[WhiteElo "2130"]
[BlackElo "2015"]
[PlyCount "121"]
[EventDate "1987.??.??"]

{4/(7)} 1. d4 Nf6 2. Nf3 c5 3. e3 e6 4. c4 d5 5. Nc3 Be7 6. Bd3 b6 7. O-O Bb7
8. cxd5 exd5 9. Bb5+ Nbd7 10. Ne5 O-O 11. Bc6 Bxc6 12. Nxc6 Qe8 13. dxc5 Bxc5
14. Nxd5 Qe6 15. Nxf6+ Nxf6 16. Nd4 Qe4 17. Nf3 Rfe8 18. Qe2 Nd5 19. Ne1 Re6
20. Qf3 Qg6 21. a3 a6 22. e4 Rf6 23. Qd3 Nf4 24. Bxf4 Rxf4 25. e5 Qh5 26. Nf3
Re8 27. Rae1 h6 28. Re4 Qf5 29. Rfe1 Kh7 30. Qb1 g6 31. Rxf4 Qxf4 32. Qe4 Qxe4
33. Rxe4 Kg7 34. Kf1 g5 35. Ne1 Kg6 36. Nd3 Bd6 37. Rc4 Bf8 38. Rc6+ Re6 39.
Rxe6+ fxe6 40. g4 Kf7 41. Ke2 Ke7 42. Ke3 Kd7 43. Kd4 Kc6 44. a4 b5 45. b3 Be7
46. f4 bxa4 47. bxa4 gxf4 48. Nxf4 Kd7 49. Nd3 Kc6 50. Nf4 Kd7 51. Ke4 Bb4 52.
Ne2 Bd2 53. h4 Ke7 54. Nf4 Kf7 55. g5 Bxf4 56. Kxf4 h5 57. Kf3 Kg7 58. Ke3 Kg6
59. Ke4 Kg7 60. Kd4 Kg6 61. Kc5 1-0